| 000 | 00506nam a2200157 i 4500 | ||
|---|---|---|---|
| 001 | 46720 | ||
| 003 | ES-MaACL | ||
| 005 | 20230906161432.0 | ||
| 007 | t| | ||
| 008 | 030331s1882 ag ||||1| spa d | ||
| 100 | 1 |
_aConi, Emile R. _940176 |
|
| 245 | 1 | 0 |
_aRésume de statistique générale de la Ville de Buenos Ayres... / _cpar ... Emile R. Coni ; avec le concours de Florentino Garcia. |
| 260 |
_aBuenos Ayres : _b[s.n.], _c1882. |
||
| 700 | 1 |
_aGarcía, Florentino. _954022 |
|
| 852 |
_aES-MaACL _jT-787-F-7 |
||
| 999 |
_c46720 _d46720 |
||